| 000 | 00399cam a2200181 4500 | ||
|---|---|---|---|
| 001 | D12904 | ||
| 008 | 090401t1966 xxu||||| |||| 00| 0 eng d | ||
| 035 | _a(Sirsi) u94292 | ||
| 041 | _aeng | ||
| 100 | _aHart, C.E. | ||
| 245 | _aTaxation of woodlands | ||
| 250 | _a7th | ||
| 260 |
_aColeford, Glos _bC E Hart _c1966 |
||
| 350 | _a0 | ||
| 520 | _aShelf 116 | ||
| 942 | _n0 | ||
| 948 | _c04/03/1997 | ||
| 999 |
_c97972 _d97972 |
||